Catálogo público

Forrajes estivales para pastoreo / por Ismael Barrientos Hernández y Timoteo Gallegos Zapata (Record no. 216951)

MARC details
000 -CABECERA
campo de control de longitud fija 00797nam a2200217Ia 4500
001 - NÚMERO DE CONTROL
campo de control Z_5216
008 - DATOS DE LONGITUD FIJA--INFORMACIÓN GENERAL
campo de control de longitud fija 220601s9999 xx 000 0 und d
090 ## - LOCALMENTE ASIGNADO TIPO-LC NÚMERO DE CLASIFICACIÓN (OCLC); NÚMERO DE CLASIFICACIÓN LOCAL (RLIN)
Número de clasificación (OCLC) (R) ; Numero de clasificación, CALL (RLIN) (NR) Tesis B 1844
100 ## - ENTRADA PRINCIPAL--NOMBRE DE PERSONA
Nombre de persona Barrientos Hernández, Ismael
9 (RLIN) 10483
245 ## - MENCIÓN DE TÍTULO
Título Forrajes estivales para pastoreo / por Ismael Barrientos Hernández y Timoteo Gallegos Zapata
260 ## - PUBLICACIÓN, DISTRIBUCIÓN, ETC.
Lugar de publicación, distribución, etc. Chapingo, Méx. : El autor
300 ## - DESCRIPCIÓN FÍSICA
Extensión 35 h.
502 ## - NOTA DE TESIS
Nota de tesis Tesis (Ing. Agr. Esp. en Zootecnia) -- UACH. Departamento de Zootecnia
650 ## - PUNTO DE ACCESO ADICIONAL DE MATERIA--TÉRMINO DE MATERIA
Término de materia o nombre geográfico como elemento de entrada 1. Forrajes - Producción 2. Pastoreo 3. Maíz como forraje 4. Sorgo como forraje 5. Mijo
9 (RLIN) 182104
700 ## - PUNTO DE ACCESO ADICIONAL--NOMBRE DE PERSONA
Nombre de persona Gallegos Zapata, TimoteoÌ
9 (RLIN) 182105
901 ## - ELEMENTOS DE DATOS A LOCAL LDA (RLIN)
a TESIS B 1844
902 ## - ELEMENTOS DE DATOS B LOCAL, LDB (RLIN)
a M
905 ## - ELEMENTOS DE DATOS E LOCAL, LDE (RLIN)
a 0000002005 0000000000 00
942 ## - ELEMENTOS DE PUNTO DE ACCESO ADICIONAL (KOHA)
Tipo de ítem Koha Tesis_
Holdings
Estado de retiro Estado de pérdida Fuente del sistema de clasificación o colocación Estado dañado Restricciones de uso No para préstamo Código de colección Localización permanente Ubicación/localización actual Fecha de adquisición Fuente de adquisición Total de préstamos Signatura topográfica completa Código de barras Fecha visto por última vez Número de copia Precio válido a partir de Tipo de ítem Koha
    Clasificación Universidad Autónoma de Chapingo   Préstamo 5 días   Tesis Zootecnia Zootecnia 09/11/2005 El autor   Tesis B374 1844 2005 5101003082 02/06/2022 Ej.2 02/06/2022 Tesis
    Clasificación Universidad Autónoma de Chapingo   Préstamo interno   Tesis Zootecnia Zootecnia 09/11/2005 El autor   Tesis B374 1844 2005 5101003081 02/06/2022 Ej.1 02/06/2022 Tesis